Identificación de generadores coherentes
محفوظ في:
| المؤلف الرئيسي: | |
|---|---|
| مؤلفون آخرون: | |
| التنسيق: | كتاب |
| منشور في: |
[San José, Costa Rica]
2003
|
| الموضوعات: | |
| الوسوم: |
إضافة وسم
لا توجد وسوم, كن أول من يضع وسما على هذه التسجيلة!
|
MARC
| LEADER | 00000nam a2200000Ia 4500 | ||
|---|---|---|---|
| 003 | 009182 | ||
| 005 | 20240529140519.0 | ||
| 008 | 140114s2003 cr a m 000 ||s d | ||
| 040 | |c cru CEDI | ||
| 090 | |a TFG 4723 | ||
| 100 | |a Bettoni Jaikel, Alfredo, 1979- |9 3158 | ||
| 245 | |a Identificación de generadores coherentes | ||
| 260 | |a [San José, Costa Rica] |c 2003 | ||
| 300 | |a x, 53, v, hojas : ilustraciones (algunas a color) | ||
| 500 | |a Proyecto de graduación (bachillerato en ingeniería eléctrica)--Universidad de Costa Rica. Facultad de Ingeniería. Escuela de Ingeniería Eléctrica | ||
| 501 | |a Profesor Guía de Proyecto Eléctrico: Dr. Eddie Araya Padilla | ||
| 650 | |x DINAMOS |x REDES ELECTRICAS |x DISTRIBUCION DE ENERGIA ELECTRICA |x PROGRAMAS PARA COMPUTADORA |x SISTEMAS DE ENERGIA ELECTRICA |9 6954 | ||
| 700 | |a Araya Padilla, Eddie Alberto, 1961- |d Director de Proyecto Eléctrico |9 1577 | ||
| 942 | |c TFG |h TFG 4723 |i 009182 |6 TFG_4723_009182000000000 | ||
| 999 | |c 17758 |d 17758 | ||
